Organizácia a riadenie kultúrneho života

Salvato in:
Dettagli Bibliografici
Autore principale: Karas, František
Natura: Libro
Lingua:slovacco
Pubblicazione: Bratislava Obzor 1987
Edizione:1. vyd.
Serie:Encyklopédia osvetového pracovníka 21
Tags: Aggiungi Tag
Nessun Tag, puoi essere il primo ad aggiungerne!!

MARC

LEADER 00000nam a2200000 4500
001 c037851
005 20221219094854.0
041 0 |a slo 
044 |a SK 
245 1 0 |a Organizácia a riadenie kultúrneho života  |c František Karas 
250 |a 1. vyd. 
264 1 |a Bratislava  |b Obzor  |c 1987 
300 |a 261 s. 
490 1 |a Encyklopédia osvetového pracovníka  |v 21 
830 0 |a Encyklopédia osvetového pracovníka  |v 21 
100 1 |a Karas, František